书目信息 |
| 题名: |
水环境项目国际合作成果画册
|
|
| 作者: | 陈亮 主编 ;环境保护部 编著 | |
| 分册: | ||
| 出版信息: | 北京 中国环境科学出版社 2012 |
|
| 页数: | 68页 | |
| 开本: | 23cm | |
| 丛书名: | ||
| 单 册: | ||
| 中图分类: | X52 | |
| 科图分类: | ||
| 主题词: | 水污染防治--图集--研究成果--国际合作 | |
| 电子资源: | ||
| ISBN: | 978-7-5111-1223-1 | |
| 000 | 01146nam0 2200253 450 | |
| 001 | 827 | |
| 005 | 20160912094830.39 | |
| 010 | @a978-7-5111-1223-1@b平装@dCNY136.00 | |
| 100 | @a20130704d2012 em y0chiy50 ea | |
| 101 | 0 | @achi@aeng |
| 102 | @aCN@b110000 | |
| 105 | @aa z 000yy | |
| 200 | 1 | @a水环境项目国际合作成果画册@9shui huan jing xiang mu guo ji he zuo cheng guo hua ce@dInternational cooperation outcomes in the field of water environment@zeng@f环境保护部环境保护对外合作中心编著 |
| 210 | @a北京@c中国环境科学出版社@d2012 | |
| 215 | @a68页@d23cm | |
| 314 | @a主编:陈亮、赵维钧、余立风、李培、方莉等 | |
| 330 | @a本书收录了水环境项目国际合作成果画册,包括:世界银行CEF海河项目、亚洲开发银行项目、中意环保合作项目、中澳环境发展伙伴项目、其他中欧合作项目/其他双多边合作项目。 | |
| 510 | 1 | @aInternational cooperation outcomes in the field of water enviroment@zeng |
| 606 | 0 | @a水污染防治@j图集@x研究成果@x国际合作 |
| 690 | @aX52@v5 | |
| 701 | 0 | @a陈亮@9chen liang@c(公务员)@4主编 |
| 712 | 02 | @a环境保护部@9huan jing bao hu bu@b环境保护对外合作中心@4编著 |
| 801 | 0 | @aCN@b唐山师范学院图书馆@c20160724 |
| 905 | @aZUCC@dX52@e144 | |
| 水环境项目国际合作成果画册=International cooperation outcomes in the field of water environment/环境保护部环境保护对外合作中心编著.-北京:中国环境科学出版社,2012 |
| 68页;23cm |
| ISBN 978-7-5111-1223-1(平装):CNY136.00 |
| 本书收录了水环境项目国际合作成果画册,包括:世界银行CEF海河项目、亚洲开发银行项目、中意环保合作项目、中澳环境发展伙伴项目、其他中欧合作项目/其他双多边合作项目。 |
| ● |
| 相关链接 |
|
|
|
|
正题名:水环境项目国际合作成果画册
索取号:X52/144
 
预约/预借
| 序号 | 登录号 | 条形码 | 馆藏地/架位号 | 状态 | 备注 |
| 1 | 903620 | 209036201 | 第二样本阅览室/ [索取号:X52/144] | 在馆 | |
| 2 | 903621 | 209036210 | 第三借阅区/ [索取号:X52/144] | 在馆 | |
| 3 | 903622 | 209036229 | 第三借阅区/ [索取号:X52/144] | 在馆 | |
| 4 | 903623 | 209036238 | 第三借阅区/ [索取号:X52/144] | 在馆 | |
| 5 | 903624 | 209036247 | 第三借阅区/ [索取号:X52/144] | 在馆 |